000 00346nam a2200121Ia 4500
005 20251222144852.0
008 251222s9999||||xx |||||||||||||| ||spa||
082 _a372.4/C24/Ej.2
100 _aCamargo de Ambía, Irma
245 0 _aTécnicas y Estrategias para la Comprensión de Lectura en Educación Primaria
264 _bLORESA
942 _cLIB
999 _c21628
_d21628